تخطي إلى المحتوى
Inicio
Centros participantes
Catálogo
Servicios
Contacto
تسجيل الدخول
English
Deutsch
Español
Français
Italiano
日本語
Nederlands
Português
Português (Brasil)
中文(简体)
中文(繁體)
Türkçe
עברית
Gaeilge
Cymraeg
Ελληνικά
Català
Euskara
Русский
Čeština
Suomi
Svenska
polski
Dansk
slovenščina
اللغة العربية
বাংলা
Galego
Tiếng Việt
Hrvatski
हिंदी
Հայերէն
Українська
Sámegiella
اللغة
كل الحقول
العنوان
المؤلف
الموضوع
رقم الاستدعاء
ردمك/تدمد
الوسم
ابحث
بحث متقدم
La Formación de la hacienda ca...
استشهد بهذا
أرسل هذا بالبريد الإلكتروني
طباعة
تصدير التسجيلة
تصدير إلى RefWorks
تصدير إلى EndNoteWeb
تصدير إلى EndNote
أضف إلى المفضلة
رابط دائم
إضافة أول تقييم
La Formación de la hacienda cafetalera en Costa RIca. siglo XIX /
محفوظ في:
التفاصيل البيبلوغرافية
المؤلف الرئيسي:
Cardoso, Ciro Flamarion Santana
التنسيق:
نص
الموضوعات:
CAFE
الوسوم:
إضافة وسم
لا توجد وسوم, كن أول من يضع وسما على هذه التسجيلة!
المقتنيات
الوصف
التعليقات
مواد مشابهة
عرض للأخصائي
MARC
LEADER
00000 a a2200000 04500
001
8018
003
040
100
|a
Cardoso, Ciro Flamarion Santana
245
|a
La Formación de la hacienda cafetalera en Costa RIca. siglo XIX /
|c
Ciro Flamarion Santana Cardoso
650
|a
CAFE
773
|g
número 6; páginas 22-49
999
|c
27076
|d
27076
مواد مشابهة
La Formación de la Hacienda cafetalera en Costa Rica, siglo XIX
حسب: Cardoso, Ciro Flamarion Santana
Historia económica del café en centroamerica (siglo XIX): estudio comparativo /
حسب: Santana Cardoso, Ciro Flamarión
Informe sobre la actividad cafetalera de Costa Rica
Informe sobre la actividad cafetalera de Costa Rica
Informe sobre la actividad cafetalera de Costa Rica /
حسب: Jiménez Castro, Alvaro